| 000 | 01011nam a2200253Ia 4500 | ||
|---|---|---|---|
| 003 | OSt | ||
| 005 | 20200805114826.0 | ||
| 008 | 130821s1984 ck gr spa | ||
| 020 | _a9586040585 | ||
| 040 |
_aCo-BoUCM _bspa _cCO-JMCR |
||
| 041 | 0 | 0 | _aspa |
| 082 | 0 | 4 |
_a344.01 / _bH868r _223 |
| 100 | 1 |
_aHoyos Duque, Ricardo Ignacio, _eautor _98429 |
|
| 245 | 1 | 3 |
_aLa responsabilidad patrimonial de la administración pública _cRicardo Hoyos Duque |
| 260 |
_aBogotá : _bTemis, _c1984. |
||
| 300 |
_a154 páginas ; _c22 cm. |
||
| 504 | _aIncluye índice y bibliografía. | ||
| 505 | 0 | _aLa responsabilidad administrativa ante la doctrina -- Estado actual de la doctrina -- Problemas básicos -- La responsabilidad administrativa ante la jurisprudencia colombiana | |
| 650 | 0 | 4 |
_aAdministración pública _9355 |
| 650 | 0 | 4 |
_aResponsabilidad administrativa _zColombia _923667 |
| 650 | 0 | 4 |
_923675 _aResponsabilidad del Estado _zColombia |
| 651 |
_aColombia _xAdministración pública _926606 |
||
| 942 |
_cBK _2ddc |
||
| 999 |
_c6782 _d6782 |
||